All Lord of the Rings and The Hobbit Characters-F - Statistics

General Stats
  • This quiz has been taken 22 times
  • The average score is 7 of 19
Answer Stats
Times Mentioned Answer % Correct
223 Faramir
100%
1742 Frodo Baggins
100%
50 Fili
78%
2 Feanor
56%
25 Fredegar/Fatty Bolger
44%
29 Farmer Maggot
33%
2 Folco
33%
1 Folcwine
33%
1 Felarof
22%
1 Fengel
22%
4 Finglas
22%
2 Floi
22%
1 Folca
22%
1 Frea
22%
1 Frealaf
22%
1 Freawine
22%
3 Fundin
22%
2 Fang
11%
6 Fladriff
11%
No matching quizzes found
Score Distribution
Percent of People with Each Score
Percentile by Number Answered
Your Score History
You have not taken this quiz